|
|
|
|
| LEADER |
00756nam a22002052a 4500 |
| 001 |
001325917 |
| 003 |
CZ BrMZK |
| 005 |
20130912144726.0 |
| 007 |
ta |
| 008 |
130912s1968 xo af er|||||||||||hun d |
| 040 |
|
|
|a ABA001
|b cze
|c ABA001
|d ABA001
|d BOA001
|
| 100 |
1 |
|
|a T. Aszódi, Éva
|7 jx20051124014
|4 aut
|
| 245 |
1 |
0 |
|a Elsö meséskönyvem :
|b Mesék, versek és verses mesék /
|c válogata és szerkesztette T. Aszódi Éva ; rajzaival Heinzelmann Emma
|
| 260 |
|
|
|a Bratislava :
|b Tatran,
|c 1968
|
| 300 |
|
|
|a 238 s., obr. příl. :
|b il ;
|c 8°
|
| 500 |
|
|
|a Společ. vydání pro Móra Ferenc Könyvkiadó Budapest
|
| 910 |
|
|
|a BOA001
|b 2-0600.468
|
| 990 |
|
|
|a BK
|
| 991 |
|
|
|b 201309
|
| 996 |
7 |
|
|b 2619008504
|c 2-0600.468
|l HP2
|r DEN
|n 0
|w 001360922
|u 000010
|a 1
|e BOA001
|j MZK50
|s A
|